| 000 | 00621nam a22001937a 4500 | ||
|---|---|---|---|
| 005 | 20151203105815.0 | ||
| 010 | _aENG-114285 | ||
| 020 |
_c450.00 _a9789350353080 |
||
| 035 | _aEN-97817 | ||
| 037 | _bDBAD/PUB | ||
| 082 | _a346.54560432 | ||
| 100 | _aVerma, G. L. | ||
| 245 |
_aConversion of properties from leasehold to freehold in Delhi / _cby G.L. Verma |
||
| 250 | _a2nd ed | ||
| 260 |
_aNew Delhi _bUniversal Law Publishing _c2013 |
||
| 270 |
_aC-FF-1A, Dilkhus Industrial Estate, G.T. Karnal Road _bNew Delhi _e110033 |
||
| 300 |
_axx,399p. _c24cm(pbk) |
||
| 942 |
_2ddc _cEN _mVER _h346.54560432 |
||
| 999 |
_c97761 _d97761 |
||